History Quiz

Random History or Celebrity Quiz

Famous Women When They Were Young Quiz Stats

 Plays Quiz Updated Jun 8, 2015

Score 0/28 Timer 07:00
0 Plays Today
% Correct
Oprah Winfrey
96.9%
Michelle Obama
93.9%
Yoko Ono
90%
Venus & Serena Williams
85.3%
Meryl Streep
85.2%
Queen Elizabeth II
84.4%
Barbra Streisand
79%
Madonna
76.2%
Joan Rivers
75.8%
Dame Julie Andrews
74.9%
Margaret Thatcher
70.8%
Hillary Rodham Clinton
67.2%
Jackie Kennedy
65.8%
Audrey Hepburn
64.4%
% Correct
Ellen Degeneres
64%
Dame Judi Dench
63.3%
Dame Maggie Smith
59.7%
Betty White
59.4%
Eleanor Roosevelt
54.4%
Barbara Walters
53.5%
Statue of Liberty
49.5%
Dame Angela Lansbury
48.3%
Maya Angelou
47.3%
Ruth Bader Ginsburg
42%
Lucille Ball
36.8%
Whitney Houston
36.8%
Diane Sawyer
20.2%
Sarah Palin
14.7%

You're not logged in!

Compare scores with friends on all Sporcle quizzes.
OR
Log In

Show Comments

Extras

Top Quizzes Today


Score Distribution

Your Account Isn't Verified!

In order to create a playlist on Sporcle, you need to verify the email address you used during registration. Go to your Sporcle Settings to finish the process.

Report this User

Report this user for behavior that violates our Community Guidelines.

Details: